Blind Test - Bigflo et Oli #1 - Statistiques

Statistiques générales
  • Ce quiz a été pris 162 fois
  • Le résultat moyen est 9 sur 23
Statistiques - réponses
Paroles Titre Album Featuring % Correct
La vraie vie
86%
Les autres c'est nous
84%
La cour des grands
77%
La vie de rêve
77%
Mais ferme ta gueule et passe le Schweppes Agrum Gangsta La cour des grands
63%
J'pourrais voler la sucette à un gosse Pour un pote La vraie vie Jean Dujardin
63%
J'aurai fini de faire le con. J'irai voir mes ennemis Sur la lune La vie de rêve
63%
Le regard noir, je sais que tu fais les cent pas Autre Part La vraie vie
54%
J'suis un australopithèque avec un briquet Booba Les autres c'est nous
52%
Fais péter la basse sur le bazooka, j'veux pas passer pour un fou donc je prends sur moi Le son préféré de mes potes Les autres c'est nous
41%
Il lui a offert un bouquet d'anémones venimeuses Château de sable La vie de rêve
37%
Jean Dujardin
37%
Tu comprends pas le cours ? Apprends-le par cœur Ferme les yeux La vie de rêve Tryo
23%
Et je m'isole quand j'ai le cafard Maman La vie de rêve
20%
L'impression qu'elle me fait un clin d'oeil Dans mon lit La vraie vie
19%
Tryo
17%
J'déteste les esclaves des apparences Coup de Blues / Soleil Un été quand même Bon entendeur
15%
Des milliers d'années autour d'l'épée d'Arthur pour la décrocher Le philosophe sans la barbe La cour des grands
14%
Bosse, décroche le diplôme et cherche du taff Nik ta mère La cour des grands
13%
Bon Entendeur
10%
Toujours seule elle en deviens presque taré Cigarette La vraie vie
10%
Un été quand même
7%
Ils parlent, ils clashent, mais ils oublient de rapper Héritage La cour des grands
3%
Aucun quiz correspondant
Distribution des résultats
% des personnes avec chaque résultat
Percentile par nombre de réponses
Votre historique - résultats
Vous n’avez pas pris ce quiz